Halloween Franchise Cast - Sudden Death - Statistics

General Stats
  • This quiz has been taken 43 times
  • The average score is 6 of 26
Answers on the Grid
Answers color-coded by a green-red scale on the quiz's grid according to % correct below.
Jamie Lee Curtis
Nick Castle
Danny Trejo
Ray Liotta
Corey Taylor
Ken Foree
Danielle Harris
Joseph Gordon-Levitt
Ingrid Bergman
Paul Rudd
Christopher Lee
Alexa Vega
Kevin Costner
Tommy Lee Jones
Daryl Sabara
Maggie Smith
Rosario Dawson
Rufus Sewell
Daeg Faerch
Malcolm McDowell
Michelle Williams
Julia Roberts
Vincent Price
LL Cool J
Kane Hodder
Emma Stone
Boris Karloff
Don Shanks
Kate Winslet
William Forsythe
Walton Goggins
Tyler Mane
Sheri Moon Zombie
James Jude Courtney
Josh Brolin
Donald Pleasence
Busta Rhymes
Kristina Klebe
Bill Moseley
Lew Temple
Judy Greer
P.J. Soles
Megan Fox
Weird Al Yankovic
Peter Cushing
Robert Pattinson
Zendaya
Daniel Kaluuya
Zoë Bell
Sid Haig
 
Answer Stats
Answer % Correct
Jamie Lee Curtis
85%
Danny Trejo
48%
Danielle Harris
41%
Nick Castle
33%
Paul Rudd
30%
Daeg Faerch
26%
Donald Pleasence
26%
Judy Greer
26%
LL Cool J
26%
Busta Rhymes
22%
Don Shanks
22%
Joseph Gordon-Levitt
22%
Malcolm McDowell
22%
Ken Foree
19%
P.J. Soles
19%
James Jude Courtney
15%
Kristina Klebe
15%
Michelle Williams
15%
Sheri Moon Zombie
15%
Tyler Mane
15%
Weird Al Yankovic
15%
Bill Moseley
11%
Daryl Sabara
11%
Lew Temple
11%
Sid Haig
11%
William Forsythe
11%
No matching quizzes found
Score Distribution
Percent of People with Each Score
Percentile by Number Answered
Your Score History
You have not taken this quiz